000 00375nam a2200157Ia 4500
008 230524s9999 xx 000 0 und d
020 _a8187328274
082 _a4
_bRAJ
100 _aR.Rajaram
245 0 _aComputer Concepts and C Programming
260 _aCHENNAI
_bScitech
_c2001
300 _aIX;279
500 _aQuantity Number: 3
650 _aComp-Sc
942 _cBK
999 _c5555
_d5555